| 000 | 01131cam a2200253 a 4500 | ||
|---|---|---|---|
| 999 |
_c328478 _d328478 |
||
| 001 | 12098913 | ||
| 003 | Nust | ||
| 005 | 20170407165658.0 | ||
| 008 | 000707s2000 nyu b 000 0 eng | ||
| 010 | _a 00058748 | ||
| 020 | _a0330486128 | ||
| 040 |
_aDLC _cDLC _dDLC |
||
| 050 | 0 | 0 |
_aPS3573.O526 _bH66 2000 |
| 082 | 0 | 0 |
_a814.54 _bWOL |
| 100 | 1 | _aWolfe, Tom. | |
| 245 | 1 | 0 |
_aHooking up / _cTom Wolfe. |
| 250 | _a1st ed. | ||
| 260 |
_aNew York : _bFarrar, Straus, and Giroux, _c2000. |
||
| 300 |
_a293 p. ; _c25 cm. |
||
| 504 | _aIncludes bibliographical references. | ||
| 856 | 4 | 2 |
_3Contributor biographical information _uhttp://www.loc.gov/catdir/bios/hol054/00058748.html |
| 856 | 4 | 2 |
_3Publisher description _uhttp://www.loc.gov/catdir/description/hol042/00058748.html |
| 906 |
_a7 _bcbc _corignew _d1 _eocip _f20 _gy-gencatlg |
||
| 942 |
_2ddc _cBK |
||